[Event "Belgrade-chT Quality"]
[Site "Belgrade"]
[Date "2019.10.12"]
[Round "3.6"]
[White "Vukojicic, Milan"]
[Black "Sarovski, Nikola"]
[Result "1/2-1/2"]
[WhiteElo "1579"]
[BlackElo "1875"]
[PlyCount "21"]
[EventDate "2019.10.05"]
[EventType "team-tourn"]
[EventRounds "11"]
[EventCountry "SRB"]
[SourceTitle "EXT 2022"]
[Source "ChessBase"]
[SourceDate "2021.10.06"]
[SourceVersion "1"]
[SourceVersionDate "2021.10.06"]
[SourceQuality "1"]
[WhiteTeam "Delfin"]
[BlackTeam "Bask"]
[WhiteTeamCountry "SRB"]
[BlackTeamCountry "SRB"]

1. d4 c5 2. c3 d5 3. Nf3 Nc6 4. Bf4 e6 5. e3 a6 6. a4 Nf6 7. Bd3 Bd6 8. Bg3 0-0 9. Nbd2 Re8 10. dxc5 Bxc5 11. Ne5 1/2-1/2

[Event "Belgrade-chTB Quality"]
[Site "Belgrade"]
[Date "2018.09.30"]
[Round "2.7"]
[White "Sarovski, Nikola"]
[Black "Radojicic, Aleksandar M"]
[Result "1-0"]
[WhiteElo "1893"]
[BlackElo "1814"]
[PlyCount "109"]
[EventDate "2018.09.29"]
[EventType "team-tourn"]
[EventRounds "11"]
[EventCountry "SRB"]
[SourceTitle "CBM 187 Extra"]
[Source "ChessBase"]
[SourceDate "2018.11.04"]
[SourceVersion "1"]
[SourceVersionDate "2018.11.04"]
[SourceQuality "1"]
[WhiteTeam "Belgrade BASK"]
[BlackTeam "Belgrade Visan"]
[WhiteTeamCountry "SRB"]
[BlackTeamCountry "SRB"]

1. d4 Nf6 2. c4 c5 3. d5 b5 4. g3 d6 5. Bg2 g6 6. Nf3 Bg7 7. 0-0 Nbd7 8. cxb5 a6 9. Nc3 axb5 10. Nxb5 Ba6 11. Nc3 Nb6 12. Re1 0-0 13. Nd2 Ra7 14. a4 Qa8 15. Ra3 Nbxd5 16. Nxd5 Nxd5 17. e4 Nb4 18. Nf1 Bb7 19. Nd2 Bc6 20. Nc4 Qb7 21. f3 f5 22. exf5 Rxf5 23. Bh3 Rxf3 24. Rxf3 Bxf3 25. Nxd6 Bxd1 26. Nxb7 Bd4+ 27. Kg2 Bxa4 28. Be6+ Kf8 29. Nd8 Ke8 30. Nf7 Bc6+ 31. Kh3 Nd3 32. Rf1 Nf2+ 33. Kh4 Bg2 34. Re1 Bf6+ 35. Bg5 Ra4+ 36. g4 Bd5 37. Nd6+ Kf8 38. Bd7 Bc6 39. Bxf6 Bxd7 40. Bxe7+ Kg7 41. Kg3 Nd3 42. Re4 Nxb2 43. g5 Ra3+ 44. Kf2 Kg8 45. Bf6 Ra6 46. Be7 Bf5 47. Re2 Nd3+ 48. Kg3 Bd7 49. Re3 Nb4 50. Rf3 Ra8 51. Nf7 Nd5 52. Nh6+ Kh8 53. Bxc5 Ra4 54. Rf8+ Kg7 55. Rg8# 1-0

[Event "Belgrade-chT"]
[Site "Belgrade"]
[Date "2017.10.14"]
[Round "4.8"]
[White "Dimitrijevic, Vuk"]
[Black "Sarovski, Nikola"]
[Result "1-0"]
[WhiteElo "1845"]
[BlackElo "1910"]
[PlyCount "25"]
[EventDate "2017.10.01"]
[EventType "team-tourn"]
[EventRounds "11"]
[EventCountry "SRB"]
[SourceTitle "CBM 181 Extra"]
[Source "ChessBase"]
[SourceDate "2017.12.12"]
[SourceVersion "1"]
[SourceVersionDate "2017.12.12"]
[SourceQuality "1"]
[WhiteTeam "Borca"]
[BlackTeam "BASK"]
[WhiteTeamCountry "SRB"]
[BlackTeamCountry "SRB"]

1. c4 e6 2. d4 d5 3. Nc3 Nf6 4. Nf3 c6 5. Bf4 Qa5 6. cxd5 cxd5 7. Bd2 Nbd7 8. e3 Qc7 9. Na4 Ne4 10. Bd3 f5 11. 0-0 Bd6 12. g3 Ndf6 13. Ne1 1-0

[Event "Belgrade-ch sf"]
[Site "Belgrade"]
[Date "2017.01.25"]
[Round "3"]
[White "Vujacic, Borivoje"]
[Black "Sarovski, Nikola"]
[Result "1-0"]
[WhiteElo "2245"]
[BlackElo "1909"]
[PlyCount "55"]
[EventDate "2017.01.23"]
[EventType "swiss"]
[EventRounds "7"]
[EventCountry "SRB"]
[SourceTitle "CBM 176 Extra"]
[Source "ChessBase"]
[SourceDate "2017.03.02"]
[SourceVersion "1"]
[SourceVersionDate "2017.03.02"]
[SourceQuality "1"]

1. e4 e5 2. Nf3 Nc6 3. Bb5 a6 4. Ba4 Nf6 5. 0-0 Be7 6. Bxc6 dxc6 7. d3 Nd7 8. Nbd2 Bf6 9. Nc4 Qe7 10. b3 Nb6 11. Ba3 Qe6 12. Ne3 g6 13. Qd2 a5 14. h3 h5 15. Rfe1 a4 16. Qc3 Bd7 17. Qc5 Nc8 18. Nc4 b6 19. Qe3 Bg7 20. d4 exd4 21. Nxd4 Qf6 22. e5 Qh4 23. e6 fxe6 24. Nxe6 Kf7 25. Rad1 Nd6 26. Nxd6+ cxd6 27. Rxd6 Bc8 28. Ng5+ 1-0

[Event "Belgrade Trophy 30th"]
[Site "Belgrade"]
[Date "2016.11.24"]
[Round "1"]
[White "Sarovski, Nikola"]
[Black "Tosic, Miroslav"]
[Result "0-1"]
[WhiteElo "1945"]
[BlackElo "2387"]
[PlyCount "102"]
[EventDate "2016.11.24"]
[EventType "swiss"]
[EventRounds "9"]
[EventCountry "SRB"]
[SourceTitle "CBM 175 Extra"]
[Source "ChessBase"]
[SourceDate "2016.12.12"]
[SourceVersion "1"]
[SourceVersionDate "2016.12.12"]
[SourceQuality "1"]

1. d4 Nf6 2. Nc3 d5 3. Bg5 c6 4. Qd2 Bf5 5. Nf3 Nbd7 6. e3 h6 7. Bxf6 Nxf6 8. Ne5 e6 9. Bd3 Bb4 10. g4 Nxg4 11. Nxg4 Bxg4 12. a3 Bd6 13. f4 Qh4+ 14. Qf2 Qxf2+ 15. Kxf2 Bf5 16. Rag1 g6 17. Ne2 h5 18. h4 Ke7 19. Rd1 Bg4 20. Rd2 f6 21. Ng1 g5 22. hxg5 fxg5 23. fxg5 Raf8+ 24. Kg2 Rhg8 25. g6 c5 26. c3 Bf5 27. Bxf5 Rxf5 28. Rf2 Rxg6+ 29. Kf1 Rgf6 30. Rxf5 Rxf5+ 31. Kg2 e5 32. dxe5 Bxe5 33. Nf3 Kd6 34. Rh4 Bf6 35. Rf4 Rxf4 36. exf4 b5 37. Kf1 b4 38. axb4 cxb4 39. cxb4 Bxb2 40. Ne1 Ke6 41. Kg2 Bf6 42. Kf3 Be7 43. Nc2 Bf6 44. Ne1 h4 45. Kg4 d4 46. Nd3 Kd5 47. Kf3 Kc4 48. Ke4 h3 49. Nf2 h2 50. Kf3 Bh4 51. Nh1 d3 0-1

[Event "Grocka op"]
[Site "Grocka"]
[Date "2015.07.28"]
[Round "6"]
[White "Zivkovic, Dragoslav"]
[Black "Sarovski, Nikola"]
[Result "0-1"]
[WhiteElo "1840"]
[BlackElo "1898"]
[PlyCount "69"]
[EventDate "2015.07.23"]
[EventType "swiss"]
[EventRounds "9"]
[EventCountry "SRB"]
[SourceTitle "EXT 2016"]
[Source "ChessBase"]
[SourceDate "2015.10.08"]
[SourceVersion "1"]
[SourceVersionDate "2015.10.08"]
[SourceQuality "1"]

1. e4 e5 2. Nf3 Nc6 3. Bb5 a6 4. Ba4 Nf6 5. Nc3 b5 6. Bb3 Bb4 7. d3 d6 8. h3 Be6 9. Bxe6 fxe6 10. 0-0 0-0 11. Bg5 Qe8 12. Ne2 Nh5 13. Be3 Rxf3 14. gxf3 Qf7 15. Ng3 Rf8 16. Kg2 Nf4+ 17. Kh2 Ng6 18. c3 Ba5 19. b4 Bb6 20. a4 Nh4 21. axb5 Nxf3+ 22. Kh1 axb5 23. Bxb6 cxb6 24. Ra2 Qf4 25. Qc1 Qh4 26. Kg2 Ne7 27. Re2 Ng6 28. Rh1 Nf4+ 29. Kf1 Nxd3 30. Qe3 Nf4 31. Qxf3 Nxe2 32. Qxe2 Qxg3 33. Qd2 Qf3 34. Rh2 Qf4 35. Qxf4 0-1

[Event "Grocka op"]
[Site "Grocka"]
[Date "2015.07.26"]
[Round "4"]
[White "Brankovic, Vladislav"]
[Black "Sarovski, Nikola"]
[Result "1-0"]
[WhiteElo "2171"]
[BlackElo "1898"]
[PlyCount "89"]
[EventDate "2015.07.23"]
[EventType "swiss"]
[EventRounds "9"]
[EventCountry "SRB"]
[SourceTitle "EXT 2016"]
[Source "ChessBase"]
[SourceDate "2015.10.08"]
[SourceVersion "1"]
[SourceVersionDate "2015.10.08"]
[SourceQuality "1"]

1. e4 e5 2. Nf3 Nc6 3. Nc3 Bb4 4. Bb5 Nge7 5. 0-0 0-0 6. Nd5 Ba5 7. d3 d6 8. Bc4 Nxd5 9. Bxd5 Bg4 10. c3 Qf6 11. h3 Bxf3 12. Qxf3 Qxf3 13. gxf3 Kh8 14. a4 a6 15. b4 Bb6 16. Be3 Rab8 17. Bxc6 bxc6 18. Rab1 f5 19. a5 Bxe3 20. fxe3 f4 21. Kf2 fxe3+ 22. Kxe3 d5 23. f4 exf4+ 24. Rxf4 dxe4 25. Rxf8+ Rxf8 26. dxe4 Rd8 27. c4 g5 28. b5 cxb5 29. cxb5 axb5 30. Rxb5 h6 31. a6 Ra8 32. Ra5 Ra7 33. Kd4 Kg7 34. Kd5 Kf6 35. e5+ Ke7 36. Ra3 h5 37. Ra4 Kd7 38. Ra1 g4 39. h4 Ke7 40. Ra2 Kd7 41. e6+ Kd8 42. Ra3 Ke8 43. Ke5 Kf8 44. Kf6 Ke8 45. Rb3 1-0

[Event "Belgrade Trophy 26th"]
[Site "Belgrade"]
[Date "2012.12.02"]
[Round "9"]
[White "Nenezic, Zoran"]
[Black "Sarovski, Nikola"]
[Result "1/2-1/2"]
[WhiteElo "1879"]
[BlackElo "1970"]
[PlyCount "113"]
[EventDate "2012.11.24"]
[EventType "swiss"]
[EventRounds "9"]
[EventCountry "SRB"]
[SourceTitle "EXT 2014"]
[Source "ChessBase"]
[SourceDate "2013.11.20"]
[SourceVersion "1"]
[SourceVersionDate "2013.11.20"]
[SourceQuality "1"]

1. c4 d6 2. Nc3 e5 3. Nf3 c5 4. e3 Bg4 5. Be2 f5 6. Ng1 Nf6 7. h3 Bxe2 8. Ngxe2 g6 9. 0-0 Bh6 10. f4 0-0 11. Qe1 Nc6 12. Qh4 Bg7 13. g4 fxg4 14. hxg4 h5 15. g5 Ng4 16. f5 Nb4 17. f6 Bh8 18. Ng3 Qe8 19. Nd5 Nxd5 20. cxd5 Qf7 21. e4 c4 22. b3 Rac8 23. Ba3 Rfd8 24. bxc4 Rxc4 25. Rac1 b5 26. Rxc4 bxc4 27. Re1 a5 28. Ne2 Qa7+ 29. Kg2 Qb6 30. Rf1 Kf7 31. Qg3 Rc8 32. Qc3 Rc7 33. Qf3 c3 34. Nxc3 Qd4 35. Rd1 Rxc3 36. dxc3 Qxd1 37. Qxd1 Ne3+ 38. Kf3 Nxd1 39. c4 Bxf6 40. gxf6 g5 41. Bxd6 g4+ 42. Kg3 Kxf6 43. Bc7 Nc3 44. Bd8+ Kg6 45. Bxa5 Nxe4+ 46. Kg2 h4 47. Bb6 h3+ 48. Kh2 Nd2 49. Bf2 Nxc4 50. Kg3 Nd2 51. Bg1 Kf5 52. a4 Ne4+ 53. Kh4 Nc3 54. d6 Ke6 55. d7 Kxd7 56. Kxg4 Ke6 57. a5 1/2-1/2

[Event "Belgrade Trophy 26th"]
[Site "Belgrade"]
[Date "2012.12.01"]
[Round "8"]
[White "Sarovski, Nikola"]
[Black "Maric, Dragan"]
[Result "0-1"]
[WhiteElo "1970"]
[BlackElo "2221"]
[PlyCount "60"]
[EventDate "2012.11.24"]
[EventType "swiss"]
[EventRounds "9"]
[EventCountry "SRB"]
[SourceTitle "CBM 151 Extra"]
[Source "ChessBase"]
[SourceDate "2012.12.18"]
[SourceVersion "1"]
[SourceVersionDate "2012.12.18"]
[SourceQuality "1"]

1. d4 Nf6 2. Bg5 d5 3. c3 Ne4 4. Bf4 e6 5. Nd2 Bd6 6. Bxd6 cxd6 7. Ngf3 0-0 8. e3 f5 9. Bd3 Nd7 10. c4 Ndf6 11. cxd5 exd5 12. 0-0 Be6 13. Qb3 Qe7 14. Rac1 g5 15. Nb1 g4 16. Ne1 Kh8 17. f3 gxf3 18. gxf3 Rg8+ 19. Kh1 Qg7 20. Rc2 Rac8 21. Rg2 Qh6 22. Bxe4 fxe4 23. Nd2 b6 24. Rxg8+ Rxg8 25. Nxe4 Qh3 26. Nd2 Nh5 27. Rg1 Ng3+ 28. Rxg3 Rxg3 29. Qa3 Bg4 30. Qxd6 Bxf3+ 0-1

[Event "Belgrade Trophy 26th"]
[Site "Belgrade"]
[Date "2012.11.25"]
[Round "2"]
[White "Sarovski, Nikola"]
[Black "Velickovic, Sasa"]
[Result "0-1"]
[WhiteElo "1970"]
[BlackElo "2381"]
[PlyCount "62"]
[EventDate "2012.11.24"]
[EventType "swiss"]
[EventRounds "9"]
[EventCountry "SRB"]
[SourceTitle "CBM 151 Extra"]
[Source "ChessBase"]
[SourceDate "2012.12.18"]
[SourceVersion "1"]
[SourceVersionDate "2012.12.18"]
[SourceQuality "1"]

1. e4 c5 2. Nc3 d6 3. Nd5 e6 4. Nf4 Nf6 5. Bb5+ Bd7 6. Qe2 Nc6 7. Nf3 a6 8. Bxc6 Bxc6 9. d3 Be7 10. c4 b6 11. h4 b5 12. b3 bxc4 13. bxc4 Rb8 14. h5 Nxe4 15. 0-0 Bf6 16. dxe4 Bxa1 17. Qc2 0-0 18. Rd1 Qe7 19. Bd2 Bf6 20. Nh2 Rb2 21. Qd3 Bd4 22. Nf3 Qf6 23. Ne2 e5 24. Ng3 Bd7 25. Nf5 Ba4 26. Rc1 Bd7 27. g4 Bxf5 28. exf5 g5 29. hxg6 fxg6 30. Bh6 Rxf2 31. Nxd4 Qh4 0-1

[Event "Belgrade Trophy 25th"]
[Site "Obrenovac"]
[Date "2011.11.24"]
[Round "1"]
[White "Sarovski, Nikola"]
[Black "Tosic, Miroslav"]
[Result "0-1"]
[WhiteElo "1968"]
[BlackElo "2444"]
[PlyCount "84"]
[EventDate "2011.11.24"]
[EventType "swiss"]
[EventRounds "9"]
[EventCountry "YUG"]
[SourceTitle "CBM 145 Extra"]
[Source "ChessBase"]
[SourceDate "2012.01.03"]
[SourceVersion "1"]
[SourceVersionDate "2012.01.03"]
[SourceQuality "1"]

1. c4 c6 2. d4 Nf6 3. Nc3 d6 4. Nf3 Nbd7 5. e3 g6 6. Be2 Bg7 7. 0-0 0-0 8. b3 Qa5 9. Bd2 Qc7 10. Rc1 e5 11. Be1 Re8 12. d5 c5 13. e4 Nh5 14. Ng5 Nf4 15. g3 Nxe2+ 16. Qxe2 h6 17. Nb5 Qb6 18. Nh3 Nf6 19. Kg2 a6 20. Nc3 Bd7 21. a4 Re7 22. a5 Qxa5 23. b4 cxb4 24. Na2 Qc7 25. Bxb4 b6 26. f3 Bxh3+ 27. Kxh3 Nd7 28. Ba3 f5 29. Nb4 Rf7 30. g4 fxg4+ 31. fxg4 Rf4 32. Nd3 Rxf1 33. Qxf1 Bf6 34. Nb4 Kg7 35. Qe2 Bg5 36. Ra1 Nf6 37. Nc6 h5 38. gxh5 Rh8 39. Kg2 Rxh5 40. Rh1 Rh4 41. c5 Rg4+ 42. Kf3 bxc5 0-1

[Event "Belgrade-chT Quality"]
[Site "Belgrade"]
[Date "2009.10.24"]
[Round "4"]
[White "Ugrenovic, Bozidar"]
[Black "Sarovski, Nikola"]
[Result "1/2-1/2"]
[WhiteElo "2094"]
[BlackElo "2049"]
[PlyCount "65"]
[EventDate "2009.10.11"]
[EventType "team-tourn"]
[EventRounds "11"]
[EventCountry "YUG"]
[SourceTitle "CBM 133 Extra"]
[Source "ChessBase"]
[SourceDate "2010.01.05"]
[SourceVersion "1"]
[SourceVersionDate "2010.01.05"]
[SourceQuality "1"]

1. e4 c5 2. Nf3 d6 3. d4 cxd4 4. Nxd4 Nf6 5. Nc3 a6 6. Be3 Ng4 7. Bg5 h6 8. Bh4 g5 9. Bg3 Bg7 10. h3 Ne5 11. Nf5 Bxf5 12. exf5 Nbd7 13. Be2 Qa5 14. 0-0 Rc8 15. Nd5 Nb6 16. f6 Qxd5 17. fxg7 Rg8 18. Qc1 Rxg7 19. Re1 Nbd7 20. b3 Rc3 21. Qb2 Qc5 22. Bxe5 Nxe5 23. Bc4 Qb4 24. Rxe5 Rxc4 25. Rxe7+ Kxe7 26. Qxg7 Qc3 27. Qxc3 Rxc3 28. Re1+ Kd7 29. Re2 b5 30. Kf1 f5 31. Ke1 f4 32. Kd2 Rc5 33. f3 1/2-1/2

[Event "Belgrade-chT Quality"]
[Site "Belgrade"]
[Date "2008.11.05"]
[Round "5"]
[White "Cvetkovic, Nemanja"]
[Black "Sarovski, Nikola"]
[Result "1-0"]
[WhiteElo "2246"]
[BlackElo "2059"]
[PlyCount "83"]
[EventDate "2008.11.01"]
[EventType "team-swiss"]
[EventRounds "11"]
[EventCountry "YUG"]
[SourceTitle "CBM 127 Extra"]
[Source "ChessBase"]
[SourceDate "2009.01.08"]
[SourceVersion "2"]
[SourceVersionDate "2009.01.28"]
[SourceQuality "1"]

1. d4 d6 2. Nf3 Bg4 3. c4 Nc6 4. d5 Nb8 5. Nc3 e5 6. dxe6 Bxe6 7. Nd4 Bd7 8. g3 Nc6 9. Bg2 Nge7 10. Nb3 g6 11. Bg5 Bg7 12. Nd5 0-0 13. Bf6 Be6 14. Nxe7+ Nxe7 15. Bxg7 Kxg7 16. Bxb7 Rb8 17. Bg2 Nf5 18. Rc1 Qf6 19. Qd2 a5 20. Qxa5 Qxb2 21. Qd2 Qxd2+ 22. Kxd2 Rb4 23. Kd3 Ra4 24. Rc2 Rb8 25. Rb1 c5 26. Nxc5 Rxb1 27. Nxa4 h5 28. Nc3 Rb4 29. Nd5 Ra4 30. Kc3 Kf8 31. e3 h4 32. Kb3 Ra7 33. a4 g5 34. Ra2 Nh6 35. gxh4 g4 36. Nf4 Nf5 37. h5 Ke7 38. a5 Nh4 39. Bc6 Kf6 40. a6 Nf3 41. Bxf3 gxf3 42. Kb4 1-0

[Event "Belgrade Trophy 19th"]
[Site "Belgrade"]
[Date "2006.11.27"]
[Round "6"]
[White "Sarovski, Nikola"]
[Black "Ljangov, Petar"]
[Result "0-1"]
[WhiteElo "2065"]
[BlackElo "2150"]
[PlyCount "58"]
[EventDate "2006.11.22"]
[EventType "swiss"]
[EventRounds "9"]
[EventCountry "YUG"]
[SourceTitle "CBM 115 Extra"]
[Source "ChessBase"]
[SourceDate "2007.01.10"]
[SourceVersion "1"]
[SourceVersionDate "2007.01.10"]
[SourceQuality "1"]

1. Nf3 Nf6 2. d3 g6 3. Bg5 Bg7 4. Qd2 d6 5. Nc3 0-0 6. Bh6 Nc6 7. h3 Re8 8. a3 a6 9. g4 d5 10. Bxg7 Kxg7 11. g5 Nh5 12. d4 Qd6 13. 0-0-0 Rd8 14. e3 Rb8 15. Na4 Kg8 16. Qc3 b6 17. Be2 Qd7 18. Nh2 Na5 19. Nc5 bxc5 20. Qxa5 c4 21. Ng4 Rb5 22. Qc3 Qd6 23. Ne5 Bf5 24. a4 Rb7 25. Bxh5 gxh5 26. f3 Rdb8 27. e4 Bg6 28. Qa3 Qxa3 29. bxa3 c3 0-1

[Event "Belgrade Spring op"]
[Site "Belgrade"]
[Date "2005.03.31"]
[Round "7"]
[White "Sarovski, Nikola"]
[Black "Carnic, Dejan"]
[Result "1-0"]
[WhiteElo "2073"]
[BlackElo "2245"]
[PlyCount "55"]
[EventDate "2005.03.25"]
[EventType "swiss"]
[EventRounds "9"]
[EventCountry "YUG"]
[SourceTitle "CBM 105 Extra"]
[Source "ChessBase"]
[SourceDate "2005.05.01"]
[SourceVersion "1"]
[SourceVersionDate "2005.05.01"]
[SourceQuality "1"]

1. e4 e5 2. Nf3 Nc6 3. Bb5 Nf6 4. d4 exd4 5. 0-0 Be7 6. e5 Ne4 7. Re1 Nc5 8. Nxd4 Nxd4 9. Qxd4 0-0 10. Nc3 c6 11. Bf1 d5 12. exd6 Qxd6 13. Be3 Bf5 14. Qxc5 Qxc5 15. Bxc5 Bxc5 16. Re5 Bxf2+ 17. Kxf2 Bxc2 18. Re7 Rab8 19. Rc1 Bf5 20. Bc4 b5 21. Be2 a5 22. Bf3 Be6 23. Bxc6 b4 24. Ne2 Rfd8 25. Ke3 h5 26. b3 Rbc8 27. Rc5 Kf8 28. Ra7 1-0